<?xml version="1.0" encoding="UTF-8"?>
<record
    xmlns:xsi="http://www.w3.org/2001/XMLSchema-instance"
    xsi:schemaLocation="http://www.loc.gov/MARC21/slim http://www.loc.gov/standards/marcxml/schema/MARC21slim.xsd"
    xmlns="http://www.loc.gov/MARC21/slim">

  <leader>00198nam a22000857a 4500</leader>
  <controlfield tag="001">1242117</controlfield>
  <controlfield tag="005">20251014105533.0</controlfield>
  <datafield tag="245" ind1=" " ind2=" ">
    <subfield code="a">H&#x130;LAL&#x130; G&#xD6;RMEK</subfield>
    <subfield code="c">VURAL KAYA</subfield>
  </datafield>
  <datafield tag="260" ind1=" " ind2=" ">
    <subfield code="b">D&#x130;YANET &#x130;&#x15E;LER&#x130; YAYINLARI</subfield>
  </datafield>
  <datafield tag="999" ind1=" " ind2=" ">
    <subfield code="c">1242117</subfield>
    <subfield code="d">1242117</subfield>
  </datafield>
  <datafield tag="952" ind1=" " ind2=" ">
    <subfield code="0">0</subfield>
    <subfield code="1">0</subfield>
    <subfield code="2">ddc</subfield>
    <subfield code="4">0</subfield>
    <subfield code="7">0</subfield>
    <subfield code="a">1070</subfield>
    <subfield code="b">1070</subfield>
    <subfield code="d">2025-10-14</subfield>
    <subfield code="l">0</subfield>
    <subfield code="p">10705158</subfield>
    <subfield code="r">2025-10-14 10:55:37</subfield>
    <subfield code="w">2025-10-14</subfield>
    <subfield code="y">BK</subfield>
  </datafield>
</record>
